Textes arabes de Rabat.
Main Author:
Format: Book
Language:
English
French
Arabic
Published:
Paris,
P. Geuthner,
1931-52.
Series:
Publications de l'Institut des hautes etudes marocaines ;
t. 20, 49.
Subjects:
Tags: Add Tag
Call Number: PJ8293 .B7 1931-52
| LEADER | 01047cam a22003011 4500 | ||
|---|---|---|---|
| 001 | ocm00689958 | ||
| 003 | OCoLC | ||
| 005 | 20240307010318.0 | ||
| 008 | 730914s1931 fr b 000 0 eng | ||
| 010 | |a 56050493 | ||
| 041 | 1 | |a fre |a ara |h ara | |
| 043 | |a f-mr--- | ||
| 050 | 4 | |a PJ8293 |b .B7 1931-52 | |
| 100 | 1 | |a Brunot, Louis, |d 1882-1965. | |
| 245 | 1 | 0 | |a Textes arabes de Rabat. |
| 260 | |a Paris, |b P. Geuthner, |c 1931-52. | ||
| 300 | |a 2 volumes ; |c 25 cm. | ||
| 336 | |a text |b txt |2 rdacontent | ||
| 337 | |a unmediated |b n |2 rdamedia | ||
| 338 | |a volume |b nc |2 rdacarrier | ||
| 490 | 1 | |a Publications de lInstitut des hautes etudes marocaines, |v t. 20, 49 | |
| 504 | |a Includes bibliographical references (v. 2, pages xiii-xix). | ||
| 505 | 0 | |a 1. Textes, transcription et traduction annotee.--2. Glossaire. | |
| 530 | |a Also issued online. | ||
| 650 | 0 | |a Arabic literature |z Morocco. | |
| 650 | 0 | |a Arabic literature |v Translations into French. | |
| 830 | 0 | |a Publications de l'Institut des hautes etudes marocaines ; |v t. 20, 49. | |
| 999 | |c 57228 |d 57228 | ||
